Kétszikű vetőmagok csíravizsgálata a gabonakutató kiszombori vetőmagüzemében

Elmentve itt :
Bibliográfiai részletek
Szerző: Porkoláb Anett
További közreműködők: Szarvas Adrienn (Témavezető)
Hódiné Szél Margit (Témavezető)
Dokumentumtípus: Szakdolgozat
Megjelent: 2020
Tárgyszavak:
Online Access:http://diploma.bibl.u-szeged.hu/107966
LEADER 00782nta a2200193 i 4500
001 dipl107966
005 20210312083907.0
008 210310s2020 hu om 0|| zxx d
040 |a SZTE Diploma Repozitórium  |b hun 
041 |a zxx 
100 1 |a Porkoláb Anett 
245 1 0 |a Kétszikű vetőmagok csíravizsgálata a gabonakutató kiszombori vetőmagüzemében  |h [elektronikus dokumentum] /  |c Anett Porkoláb 
246 1 0 |a Germs examination of dicotyledonous seeds at a cereal research company in Kiszombor  |h [elektronikus dokumentum] 
260 |c 2020 
650 4 |a Agrár 
650 4 |a Agricultural sciences 
700 0 1 |a Szarvas Adrienn  |e ths 
700 0 2 |a Hódiné Szél Margit  |e ths 
856 4 0 |u https://diploma.bibl.u-szeged.hu/id/eprint/107966/1/2020_porkolab_anett.pdf  |z Dokumentum-elérés